Statistics for Video Games Banned in Countries

Click here to take the quiz!

General Stats

  • This quiz has been taken 33 times
  • The average score is 8 of 25

Answer Stats

CountryReasonVideo Game or Saga% Correct
U.A.E.Banned for its violence and sexual content.Grand Theft Auto
89%
Saudi ArabiaBanned for violence, sexual scenes and drug useGrand Theft Auto
89%
ThailandBanned after a murder caused by one of the games.Grand Theft Auto
89%
JapanBanned in Kanagawa and Saitama because of its violence.Grand Theft Auto III
89%
UzbekistanBanned for propagating violence and/or threatening securityGrand Theft Auto: San Andreas
89%
RussiaThe "No Russian" mission was banned out in PS4.Call of Duty: Modern Warfare 2
81%
UzbekistanBanned by the government for the above reasons.Assassin's Creed: Brotherhood
30%
Saudi ArabiaBanned for its violenceAssassin's Creed II
30%
Saudi ArabiaBanned for its violence and sexual scenes.God of War
22%
U.A.E.Banned for its violence and sexual scenes.God of War
22%
Saudi ArabiaBanned for glorifying homosexuality.The Last of Us Part II
22%
U.A.E.Banned for glorifying homosexuality.The Last of Us Part II
22%
IndonesiaBanned for its violence.Mortal Kombat 11
19%
UkraineBanned for violating a law criminalizing Nazi symbols.Mortal Kombat 11
19%
UzbekistanBanned by the government for the above reasons.Resident Evil 4
19%
IndiaMicrosoft did not release it due to the representation of cows.Fallout 3
15%
ChinaBanned because people sent texts against the government.Animal Crossing: New Horizons
7%
Saudi ArabiaBanned for its sexual scenes.The Witcher 3: Wild Hunt
4%
Saudi ArabiaBanned for its violence and sexual content.Bayonetta 2
0%
Saudi ArabiaBanned for its violence and religious representation.Devil May Cry
0%
U.A.E.Banned for its sexual content.Dragon Age: Origins
0%
U.A.E.Banned for apparently glorifying homosexuality.Mass Effect
0%
UzbekistanBanned by the government for the above reasons.Mass Effect
0%
Saudi ArabiaBanned for its violence.Metro: 2033 Redux
0%
Saudi ArabiaBanned for its religious representation.Okami
0%

Score Distribution

Percentile by Number Answered

Percent of People with Each Score

Your Score History

You have not taken this quiz